| 000 | 00620cab a2200193 4500 | ||
|---|---|---|---|
| 001 | WB2632-24 | ||
| 008 | 090401t1990 xxu||||| |||| 00| 0 eng d | ||
| 035 | _a(Sirsi) u41063 | ||
| 041 | _aeng | ||
| 245 | _aContaminated land survey | ||
| 260 | _c1990 | ||
| 350 | _a0 | ||
| 490 |
_aPlanning (for the Natural and Built Environment) _vno 881, 10/8/90 p4 |
||
| 520 | _aThe DOE has published its survey of potentially contaminated land in Cheshire , as a guide to others on the methodology for identifying such sites. | ||
| 650 | _aENVIRONMENTAL RESOURCES LTD | ||
| 690 | _aLAND | ||
| 942 | _n0 | ||
| 948 | _c04/03/1997 | ||
| 999 |
_c26358 _d26358 |
||